Acute renal failure in practice /
Shranjeno v:
| Glavni avtor: | |
|---|---|
| Drugi avtorji: | , |
| Format: | Sách giấy |
| Jezik: | English |
| Izdano: |
London :
Imperial College Press,
c2002.
|
| Oznake: |
Označite
Brez oznak, prvi označite!
|
| Thư viện lưu trữ: | Thư viện Trường Đại học Đà Lạt |
|---|
| LEADER | 00809nam a2200325 4500 | ||
|---|---|---|---|
| 001 | DLU210196525 | ||
| 005 | ##20210601 | ||
| 020 | # | # | |a 9781860942167 |
| 040 | # | # | |a DLU |b vie |
| 041 | # | # | |a eng |
| 082 | # | # | |a 616.614 |b GL-P |
| 100 | # | # | |a Glynne, Paul. |
| 245 | # | # | |a Acute renal failure in practice / |c Paul Glynne, Andrew Allen, Charles Pusey. |
| 260 | # | # | |a London : |b Imperial College Press, |c c2002. |
| 300 | # | # | |a xviii, 575p. |b ill (some col.); |c 27 cm. |
| 504 | # | # | |a Includes index. |
| 700 | # | # | |a Allen, Andrew. |
| 700 | # | # | |a Pusey, Charles. |
| 923 | # | # | |a 01/2021 |
| 991 | # | # | |a SH |
| 992 | # | # | |a 5197613 |
| 994 | # | # | |a DLU |
| 900 | # | # | |a True |
| 911 | # | # | |a Nguyễn Thanh Hương |
| 925 | # | # | |a G |
| 926 | # | # | |a A |
| 927 | # | # | |a SH |
| 980 | # | # | |a Thư viện Trường Đại học Đà Lạt |


